| 000 | 01354cam a2200397 a 4500 | ||
|---|---|---|---|
| 001 | 674868 | ||
| 003 | OSt | ||
| 005 | 20140310181617.0 | ||
| 008 | 951016s1995 inua d 000 0 eng d | ||
| 010 | _a 95078878 | ||
| 020 | _a971656080x | ||
| 035 | _a(OCoLC)33190461 | ||
| 040 |
_aOCo _cOCo _dDLC _dDLC |
||
| 042 | _alccopycat | ||
| 050 | 0 | 0 |
_aQA 76.15 _b.P523 1995 |
| 082 | 0 | 0 |
_aREF 004.16 _2P47 1995 |
| 100 | 1 |
_aPfaffenberger, Bryan, _d1949- |
|
| 245 | 1 | 0 |
_aQue's computer & Internet dictionary / _cby Bryan Pfaffenberger with David Wall. |
| 246 | 3 | 0 | _aQue's computer and Internet dictionary |
| 246 | 3 | 0 | _aComputer & Internet dictionary |
| 246 | 3 | 0 | _aComputer and Internet dictionary |
| 250 | _a6th ed. | ||
| 260 |
_aCarmel, IN : _bQue, _cc1995. |
||
| 300 |
_ax, 574 p. : _bill. ; _c21 cm. |
||
| 500 | _aPrevious eds. published under title: Queʼs computer userʼs dictionary. | ||
| 521 | _a | ||
| 541 | _j1 | ||
| 562 | _e1 | ||
| 650 | 0 |
_aComputers _vDictionaries. |
|
| 650 | 0 |
_aInternet _vDictionaries. |
|
| 700 | 1 |
_aWall, David, _d1974- |
|
| 700 | 1 |
_aPfaffenberger, Bryan, _d1949- _tQueʼs computer userʼs dictionary. |
|
| 906 |
_a7 _bcbc _ccopycat _d2 _eopcn _f19 _gy-gencatlg |
||
| 942 |
_2lcc _cGR _e6th |
||
| 999 |
_c3 _d3 |
||